| 000 | 00613nam a2200193 i 4500 | ||
|---|---|---|---|
| 001 | 171956 | ||
| 003 | ES-MaACL | ||
| 005 | 20250825025620.0 | ||
| 008 | 090609s1966 ag a |||| | spa d | ||
| 080 | _a655"14/15" | ||
| 100 | 1 |
_aSosa, Guillermo S. _9140571 |
|
| 245 | 1 | 3 |
_aEl arte del libro en la Edad Media _b: (códices-incunables) / _cGuillermo S. Sosa. |
| 260 |
_aBuenos Aires : _b[s.n.], _c1966. |
||
| 300 |
_a370 p. : _bil. ; _c22 cm. |
||
| 650 | 1 | 4 |
_aImprenta- _vHistoria. _9144605 |
| 650 | 0 | 7 |
_aLibros- _xHistoria- _yS.V-XIV _2 _9160555 |
| 852 |
_aES-MaACL _jE-6075 |
||
| 999 |
_c171956 _d171956 |
||